000 00586cam a22002291 4500
001 sa 67004894
003 DLC
005 20260227112352.0
008 801224s1966 pk 000 0 eng
010 _asa 67004894
025 _aPL480: P-E-1142
035 _a(OCoLC)7035708
040 _aDLC
_cNNU
_dDLC
042 _apremarc
050 0 0 _aHX550.I8
_bH34
082 _a297/.197/85
100 1 _aHaq, Inamul.
245 1 0 _aPrinciples and philosophy of democratic socialism in Islam.
260 _aKarachi
_c[1966]
300 _a58 p.
_c25 cm.
650 0 _aSocialism and Islam.
999 _c74840
_d74840